| 000 -LEADER | |
|---|---|
| fixed length control field | 00521nam a22001817a 4500 |
| 005 - DATE AND TIME OF LATEST TRANSACTION | |
| control field | 20230819154027.0 |
| 008 - FIXED-LENGTH DATA ELEMENTS--GENERAL INFORMATION | |
| fixed length control field | 220120b ||||| |||| 00| 0 eng d |
| 020 ## - INTERNATIONAL STANDARD BOOK NUMBER | |
| ISBN | 978-93-88902-73-1 |
| 041 ## - LANGUAGE CODE | |
| Language code of text/sound track or separate title | eng |
| 082 ## - DEWEY DECIMAL CLASSIFICATION NUMBER | |
| Classification number | 611.9 CHA-H |
| 100 ## - MAIN ENTRY--AUTHOR NAME | |
| Personal name | CHAURASIA'S, B.D |
| 245 ## - TITLE STATEMENT | |
| Title | HUMAN ANATOMY: Regional and applied , dissection and clinical [UPPER LIMB THORAX] [VOL-1] |
| 250 ## - EDITION STATEMENT | |
| Edition statement | 8TH, ED. |
| 260 ## - PUBLICATION, DISTRIBUTION, ETC. (IMPRINT) | |
| Place of publication | NEW DELHI |
| Name of publisher | CBS PUBLISHERS & DISTRIBUTORS PVT. LTD. |
| 300 ## - PHYSICAL DESCRIPTION | |
| Number of Pages | 354;p |
| 650 ## - SUBJECT ADDED ENTRY--TOPICAL TERM | |
| Topical Term | BPT |
| 942 ## - ADDED ENTRY ELEMENTS (KOHA) | |
| Koha item type | Books |
| Lost status | Damaged status | Collection code | Home library | Current library | Shelving location | Date acquired | Source of acquisition | Cost, normal purchase price | Full call number | Accession Number | Koha item type | Serial Enumeration / chronology |
|---|---|---|---|---|---|---|---|---|---|---|---|---|
| PHYSIOTHERAPY | JRU Library | JRU Library | Shelf - 25- A | 20/01/2022 | PURCHASE | 695.00 | 611.9 | 25880 | Books | |||
| Reference | JRU Library | JRU Library | SHELF- 8 - C | 20/01/2022 | PURCHASE | 695.00 | 611.9 | 25881 | Books | |||
| PHYSIOTHERAPY | JRU Library | JRU Library | Shelf - 24- A | 20/01/2022 | PURCHASE | 695.00 | 611.9 | 25882 | Books | |||
| PHYSIOTHERAPY | JRU Library | JRU Library | Shelf - 24- A | 20/01/2022 | PURCHASE | 695.00 | 611.9 | 25883 | Books | |||
| PHYSIOTHERAPY | JRU Library | JRU Library | Shelf - 24- A | 20/01/2022 | PURCHASE | 695.00 | 611.9 | 25884 | Books | |||
| PHYSIOTHERAPY | JRU Library | JRU Library | Shelf - 24- A | 05/08/2023 | PURCHASE | 2995.00 | 611.9 | 27819 | Books | 9TH ED, 2023 | ||
| PHYSIOTHERAPY | JRU Library | JRU Library | Shelf - 25- A | 05/08/2023 | PURCHASE | 2995.00 | 611.9 | 27820 | Books | 9TH ED, 2023 |